Vplyv konkurencieschopnosti regiónov na zmierňovanie regionálnych disparít v podmienkach Slovenskej republiky
Priame zahraničné investície a ich vplyv na zvýšenie konkurencieschopnosti regiónu. Nerovnomernosť prílevu PZI. Prílev PZI na Slovensko v rokoch 1998-2007. Prepojenie medzi konkurencieschopnosťou a úspešnosťou regiónu. Ukazovatele indexu regionálnej konkurencieschopnosti. Členenie ekonomík podľa kon...
Enregistré dans:
| Auteur principal: | |
|---|---|
| Format: | Chapitre de livre |
| Langue: | slovaque |
| Sujets: | |
| Tags: |
Pas de tags, Soyez le premier à ajouter un tag!
|
MARC
| LEADER | 00000nla$a2200000$$$4500 | ||
|---|---|---|---|
| 001 | 0116328 | ||
| 005 | 20240711091443.8 | ||
| 041 | 0 | |a slo | |
| 044 | |a CZ | ||
| 245 | 1 | 0 | |a Vplyv konkurencieschopnosti regiónov na zmierňovanie regionálnych disparít v podmienkach Slovenskej republiky |c Zuzana Neupauerová |
| 520 | |a Priame zahraničné investície a ich vplyv na zvýšenie konkurencieschopnosti regiónu. Nerovnomernosť prílevu PZI. Prílev PZI na Slovensko v rokoch 1998-2007. Prepojenie medzi konkurencieschopnosťou a úspešnosťou regiónu. Ukazovatele indexu regionálnej konkurencieschopnosti. Členenie ekonomík podľa konkurenčných výhod podľa Portera. | ||
| 610 | 2 | 0 | |a konkurencieschopnosť |
| 610 | 2 | 0 | |a výhody konkurenčné |
| 610 | 2 | 0 | |a investície priame zahraničné |
| 610 | 2 | 0 | |a inovácia |
| 610 | 2 | 0 | |a regióny |
| 610 | 2 | 0 | |a rozvoj regionálny |
| 610 | 2 | 0 | |a Slovensko |
| 100 | 1 | |a Neupauerová, Zuzana | |